00271nam a2200097Ia 4500008004100000100003300041245003100074260004200105260000900147999001700156170620s9999 xx 000 0 und d aKumar- Jamandlamudi Prashant 0aMethods of Teaching Civics bNew Delhi- Discovery Publishing House c2007 c24437d24437